| 000 | 00805nam a2200229Ia 4500 | ||
|---|---|---|---|
| 001 | 8802 | ||
| 003 | GE_BSU | ||
| 008 | 181216s||||||||xx |||||||||||||| ||und|| | ||
| 040 | _cGE_BSU | ||
| 080 | _a821.353.1–32 | ||
| 100 | _aკლდიაშვილი,დავით | ||
| 245 | _aსამანიშვილის დედინაცვალი | ||
| 245 | _bმოთხრობა | ||
| 245 | _cრედ.ლ.თურბანდიშვილი;მხატვ.რედ.:ჯ.ზენაიშვილი | ||
| 260 | _aთბილისი | ||
| 260 | _bმერანი | ||
| 260 | _c1989 | ||
| 300 | _a171გვ. ილ.10სმ | ||
| 653 | _aმოთხრობა | ||
| 653 | _aსამანიშვილის დედინაცვალი | ||
| 942 | _cBK | ||
| 999 |
_c42111 _d42111 |
||